<?xml version="1.0" encoding="UTF-8"?>
<collection xmlns="http://www.loc.gov/MARC21/slim">
<record>
  <controlfield tag="001">171607</controlfield>
  <controlfield tag="005">20260526101855.0</controlfield>
  <datafield tag="037" ind1=" " ind2=" ">
    <subfield code="a">TESIS-2026-064</subfield>
  </datafield>
  <datafield tag="041" ind1=" " ind2=" ">
    <subfield code="a">spa</subfield>
  </datafield>
  <datafield tag="100" ind1="1" ind2=" ">
    <subfield code="a">Mercadal Cuesta, David</subfield>
  </datafield>
  <datafield tag="245" ind1="0" ind2="0">
    <subfield code="a">Datos públicos abiertos y su reutilización para la planificación ambiental. Estudio de caso: el Plan de Gestión del Riesgo de Inundación 2022-2027 (2º ciclo) de la cuenca hidrográfica del río Ebro y la ciudad de Zaragoza</subfield>
  </datafield>
  <datafield tag="260" ind1=" " ind2=" ">
    <subfield code="a">Zaragoza</subfield>
    <subfield code="b">Universidad de Zaragoza, Prensas de la Universidad</subfield>
    <subfield code="c">2026</subfield>
  </datafield>
  <datafield tag="300" ind1=" " ind2=" ">
    <subfield code="a">545</subfield>
  </datafield>
  <datafield tag="490" ind1="0" ind2=" ">
    <subfield code="a">Tesis de la Universidad de Zaragoza</subfield>
    <subfield code="x">2254-7606</subfield>
    <subfield code="v">2026-64</subfield>
  </datafield>
  <datafield tag="500" ind1=" " ind2=" ">
    <subfield code="a">Presentado:  27 01 2026</subfield>
  </datafield>
  <datafield tag="502" ind1=" " ind2=" ">
    <subfield code="a">Tesis-Univ. Zaragoza,  , 2026</subfield>
    <subfield code="b">Zaragoza, Universidad de Zaragoza</subfield>
    <subfield code="c">2026</subfield>
  </datafield>
  <datafield tag="520" ind1=" " ind2=" ">
    <subfield code="a">Esta tesis analiza el potencial de reutilización de los datos públicos abiertos ambientales en la planificación y gestión del riesgo de inundación, tomando como caso el Plan de Gestión del Riesgo de Inundación (PGRI) 2022–2027 (2.º ciclo) de la cuenca hidrográfica del Ebro, con especial atención al municipio de Zaragoza.&lt;br />El objetivo principal es evaluar hasta qué punto los datos abiertos disponibles pueden emplearse de forma efectiva en la elaboración de un PGRI, valorando su adecuación a las necesidades reales de planificación.&lt;br />La metodología incluye análisis documental y normativo y una revisión sistemática de metodologías de evaluación de portales y conjuntos de datos. Culmina con un estudio de caso aplicado, que incluye una auditoría documental del PGRI, la evaluación de los portales Aragón Open Data y Espacio de Datos de Zaragoza, y la búsqueda de los datos mínimos requeridos para la redacción del plan en dichos portales.&lt;br />Los resultados muestran, por un lado, un panorama diverso de metodologías de evaluación, sin un marco unificado, pero que permite sentar las bases para propuestas integrales que combinen dimensiones jurídicas, técnicas y sociales. &lt;br />Por otro, el estudio de la planificación hidrológica desde la perspectiva documental evidencia la centralidad de los planes y programas dentro del procedimiento administrativo común y su interconexión con otros instrumentos de gestión ambiental y territorial.&lt;br />Los portales analizados alcanzan un nivel de madurez intermedio, con buen desempeño técnico, pero carencias en coordinación administrativa. Ninguno de los conjuntos específicos del PGRI está disponible, aunque se han identificado conjuntos de la misma tipología con otro nivel de granularidad, con cierto potencial de reutilización indirecta.&lt;br />La reutilización efectiva de los datos ambientales abiertos en la planificación del riesgo de inundación sigue siendo limitada, condicionada más por factores organizativos y de alineamiento territorial que por barreras técnicas. No obstante, los avances normativos, técnicos y metodológicos ofrecen una base sólida para avanzar hacia una gobernanza interoperable y basada en la evidencia.&lt;br /></subfield>
  </datafield>
  <datafield tag="506" ind1=" " ind2=" ">
    <subfield code="a">by-nc</subfield>
    <subfield code="b">Creative Commons</subfield>
    <subfield code="c">3.0</subfield>
    <subfield code="u">http://creativecommons.org/licenses/by-nc/3.0/es</subfield>
  </datafield>
  <datafield tag="520" ind1=" " ind2=" ">
    <subfield code="a">This thesis analyses the potential for re-use of environmental open government data in the planning and management of flood risk, taking as a case study the Flood Risk Management Plan (FRMP) 2022–2027 (2nd cycle) for the Ebro River Basin, with particular focus on the municipality of Zaragoza. The main objective is to assess the extent to which available open data can be effectively used in the development of an FRMP, evaluating their suitability for real planning needs. The methodology combines documentary and legal analysis with a systematic review of evaluation methodologies for open data portals and datasets. It culminates in an applied case study comprising an audit of the FRMP, the evaluation of the Aragón Open Data and Zaragoza Data Space portals, and the identification of the minimum datasets required for drafting the plan, searching for them in those portals. The results show, on the one hand, a diverse landscape of evaluation methodologies, lacking a unified framework yet providing a foundation for integrated approaches that combine legal, technical and social dimensions. On the other hand, the analysis of hydrological planning from a document perspective highlights the central role of plans and programmes, within administrative procedure, and their interconnection with other environmental and territorial management instruments. The portals analysed demonstrate an intermediate level of maturity, with sound technical performance but deficiencies in administrative coordination. None of the specific FRMP datasets are available, although datasets of similar typology but at different levels of granularity have been identified, showing some potential for indirect re-use. The effective re-use of open environmental data in flood risk planning remains limited, being constrained more by organisational and territorial alignment factors than by technical barriers. Nevertheless, ongoing legal, technical and methodological progress provides a solid basis for moving towards interoperable, evidence-based environmental governance.&lt;br /></subfield>
  </datafield>
  <datafield tag="521" ind1=" " ind2=" ">
    <subfield code="9">7107</subfield>
    <subfield code="a">Programa de Doctorado en Información y Comunicación</subfield>
  </datafield>
  <datafield tag="653" ind1="1" ind2=" ">
    <subfield code="a">datos públicos abiertos</subfield>
  </datafield>
  <datafield tag="653" ind1="1" ind2=" ">
    <subfield code="a">portales de datos abiertos</subfield>
  </datafield>
  <datafield tag="653" ind1="1" ind2=" ">
    <subfield code="a">reutilización de datos</subfield>
  </datafield>
  <datafield tag="653" ind1="1" ind2=" ">
    <subfield code="a">información ambiental</subfield>
  </datafield>
  <datafield tag="653" ind1="1" ind2=" ">
    <subfield code="a">gestión de información</subfield>
  </datafield>
  <datafield tag="653" ind1="1" ind2=" ">
    <subfield code="a">documentación administrativa </subfield>
  </datafield>
  <datafield tag="653" ind1="1" ind2=" ">
    <subfield code="a">inundaciones</subfield>
  </datafield>
  <datafield tag="653" ind1="1" ind2=" ">
    <subfield code="a">planificación hidrológica</subfield>
  </datafield>
  <datafield tag="653" ind1="1" ind2=" ">
    <subfield code="a">planes de gestión del riesgo de inundación</subfield>
  </datafield>
  <datafield tag="653" ind1="1" ind2=" ">
    <subfield code="a">ebro (río)</subfield>
  </datafield>
  <datafield tag="700" ind1=" " ind2=" ">
    <subfield code="a">Bueno De La Fuente, Gema </subfield>
    <subfield code="e">dir.</subfield>
  </datafield>
  <datafield tag="700" ind1=" " ind2=" ">
    <subfield code="a">Agustín Lacruz, María Carmen </subfield>
    <subfield code="e">dir.</subfield>
  </datafield>
  <datafield tag="710" ind1="2" ind2=" ">
    <subfield code="a">Universidad de Zaragoza</subfield>
    <subfield code="b"> </subfield>
  </datafield>
  <datafield tag="830" ind1=" " ind2=" ">
    <subfield code="9">554</subfield>
  </datafield>
  <datafield tag="856" ind1="0" ind2=" ">
    <subfield code="f">cdeurop@unizar.es</subfield>
  </datafield>
  <datafield tag="856" ind1="4" ind2=" ">
    <subfield code="u">http://zaguan.unizar.es/record/171607/files/TESIS-2026-064.pdf</subfield>
    <subfield code="z">Texto completo (spa)</subfield>
  </datafield>
  <datafield tag="909" ind1="C" ind2="O">
    <subfield code="o">oai:zaguan.unizar.es:171607</subfield>
    <subfield code="p">driver</subfield>
    <subfield code="p">tesis</subfield>
  </datafield>
  <datafield tag="910" ind1="2" ind2=" ">
    <subfield code="a">Ciencias Sociales y jurídicas</subfield>
    <subfield code="b"> </subfield>
  </datafield>
  <datafield tag="691" ind1=" " ind2=" ">
    <subfield code="a">3 6 16</subfield>
  </datafield>
  <datafield tag="692" ind1=" " ind2=" ">
    <subfield code="a">Garantizar una vida saludable y promover el bienestar para todos y todas en todas las edades. Garantizar la disponibilidad y la gestión sostenible del agua y el saneamiento para todos.	 Promover sociedades pacíficas e inclusivas para el desarrollo sostenible, facilitar acceso a la justicia para todos y crear instituciones eficaces, responsables e inclusivas a todos los niveles.	</subfield>
  </datafield>
  <datafield tag="540" ind1=" " ind2=" ">
    <subfield code="9">info:eu-repo/semantics/openAccess</subfield>
  </datafield>
  <datafield tag="980" ind1=" " ind2=" ">
    <subfield code="a">TESIS</subfield>
  </datafield>
</record>
</collection>